000 01275cam a22003254a 4500
001 13371969
003 OSt
005 20160820134906.0
008 031014s2005 maua b 001 0 eng
010 _a 2003066595
020 _a0072846976 (alk. paper)
020 _a007111131X (international : alk. paper)
040 _aDLC
_cDLC
_dDLC
042 _apcc
050 0 0 _aHD31
_b.G58955 2005
082 0 0 _aDC 658
_22005
_bG58m
100 1 _aGomez-Mejia, Luis R.
245 1 0 _aManagement :
_bpeople, performance, change /
_cLuis R. Gomez-Mejia, David B. Balkin, Robert L. Cardy.
250 _aSecond Edition
260 _aBoston :
_bMcGraw-Hill/Irwin,
_cc2005.
300 _axl, 836 pages :
_billustrations (some color) ;
_c26 cm.
504 _aIncludes bibliographical references and indexes.
538 _aSystem requirements for accompanying computer disc: Pentium based processor; Microsoft Windows 98/2000/XP; Microsoft Internet Explorer 6.0 as default Browser; Microsoft Ofice or equivalent.
650 0 _aManagement.
700 1 _aBalkin, David B.,
_d1948-
700 1 _aCardy, Robert L.,
_d1955-
906 _a7
_bcbc
_corignew
_d1
_eocip
_f20
_gy-gencatlg
942 _2ddc
_cDC
999 _c3977
_d3977